00281nam a2200097Ia 4500008004100000041000800041082001500049100002300064245002700087260006900114231129s2009 xx 000 0 und d aeng a658.45/PRA aReymond V. Lesikar aBusiness Communication aTata Mc Graw- Hill New DelhibTata Mc Graw- Hill New Delhic2009